| 000 | 00602nam a2200145Ia 4500 | ||
|---|---|---|---|
| 008 | 250506s9999 xx 000 0 und d | ||
| 024 | _a17b_003-EE, 17B-006-EE, 17B-010-EE & 17B-019-EE | ||
| 082 | _a621.480248072 OSA | ||
| 100 | _aMuhammad Osama, Faizan Saeed, Umar Farooq & Syed Muhammad Mohibullah Bukhari | ||
| 245 | 0 | _aDevice Free Breath Rate Detector (with CD) | |
| 260 |
_aKarachi: _bUIT, _c2017 |
||
| 600 | _aElectronic Engineering | ||
| 650 | _aBachelor of Engineering (BE) | ||
| 856 |
_uhttps://drive.google.com/file/d/1-tcDxvC-S3IcpuAO519hGsy-WdsEB92I/view?usp=sharing _yClick here for PDF |
||
| 999 |
_c29019 _d29019 |
||